书目信息 |
| 题名: |
实用电子元器件与电路基础
|
|
| 作者: | 舍茨 , 莫克 著 ;夏建生 , 王种奕 , 刘晓晖 , 郭福田 译 | |
| 分册: | ||
| 出版信息: | 北京 电子工业出版社 2017.12 |
|
| 页数: | 753页 | |
| 开本: | 26cm | |
| 丛书名: | 经典译丛 | |
| 单 册: | ||
| 中图分类: | TN6 , TN710 | |
| 科图分类: | ||
| 主题词: | 电子元件 , 电子电路 | |
| 电子资源: | ||
| ISBN: | 978-7-121-32922-7 | |
| 000 | 01773oam2 2200385 450 | |
| 001 | 4661 | |
| 005 | 20181012151154.82 | |
| 010 | @a978-7-121-32922-7@dCNY128.00 | |
| 100 | @a20180412d2017 em y0chiy50 ea | |
| 101 | 1 | @achi@ceng |
| 102 | @aCN@b110000 | |
| 105 | @aak z 000yy | |
| 200 | 1 | @a实用电子元器件与电路基础@9shi yong dian zi yuan qi jian yu dian lu ji chu@dPractical electronics for inventors@f(美)Paul Scherz,Simon Monk著@g夏建生等译@zeng |
| 210 | @a北京@c电子工业出版社@d2017.12 | |
| 215 | @a753页@c图@d26cm | |
| 225 | 2 | @a经典译丛@i实用电子与电气基础 |
| 304 | @a题名页有其他责任者:王种奕, 刘晓晖, 郭福田等 | |
| 305 | @a译自原书第4版 ; 本授权中文简体字翻译版由麦格劳—希尔(亚洲)教育出版公司和电子工业出版社合作出版 | |
| 314 | @a责任者Scherz规范汉译姓:舍茨 ; 责任者Monk规范汉译姓:莫克 | |
| 330 | @a本书从电路基本原理的介绍开始,对各种类型的电子元器件进行了详细具体的分类介绍。介绍了各种电路的设计及实用电路;在数字电路中,介绍了寄存器、计数器等各种中规模集成数字器件,以及存储器、可编程逻辑器件等大规模集成电路,详细介绍了微控制器及模块化电子设备,并给出了相应的实际应用程序实例;介绍了各种电机及控制电路;同时,还结合图解的方法,介绍了制作实用电子电路的过程、方法、调试步骤、安全组装和注意事项等。 | |
| 461 | 0 | @12001 @a经典译丛 |
| 462 | 0 | @12001 @a实用电子与电气基础 |
| 510 | 1 | @aPractical electronics for inventors@zeng |
| 606 | 0 | @a电子元件 |
| 606 | 0 | @a电子电路 |
| 690 | @aTN6@v5 | |
| 690 | @aTN710@v5 | |
| 701 | 1 | @c(美)@a舍茨@9she ci@c(Scherz, Paul)@4著 |
| 701 | 1 | @c(美)@a莫克@9mo ke@c(Monk, Simon)@4著 |
| 702 | 0 | @a夏建生@9xia jian sheng@4译 |
| 702 | 0 | @a王种奕@9wang zhong yi@4译 |
| 702 | 0 | @a刘晓晖@9liu xiao hui@4译 |
| 702 | 0 | @a郭福田@9guo fu tian@4译 |
| 801 | 0 | @aCN@b91MARC@c20180412 |
| 905 | @aMuseLib@dTN6@e85 | |
| 实用电子元器件与电路基础=Practical electronics for inventors/(美)Paul Scherz,Simon Monk著/夏建生等译.-北京:电子工业出版社,2017.12 |
| 753页:图;26cm.-(经典译丛.实用电子与电气基础) |
| ISBN 978-7-121-32922-7:CNY128.00 |
| 本书从电路基本原理的介绍开始,对各种类型的电子元器件进行了详细具体的分类介绍。介绍了各种电路的设计及实用电路;在数字电路中,介绍了寄存器、计数器等各种中规模集成数字器件,以及存储器、可编程逻辑器件等大规模集成电路,详细介绍了微控制器及模块化电子设备,并给出了相应的实际应用程序实例;介绍了各种电机及控制电路;同时,还结合图解的方法,介绍了制作实用电子电路的过程、方法、调试步骤、安全组装和注意事项等。 |
| ● |
| 相关链接 |
|
|
|
|
正题名:实用电子元器件与电路基础
索取号:TN6/85
 
预约/预借
| 序号 | 登录号 | 条形码 | 馆藏地/架位号 | 状态 | 备注 |
| 1 | 1126151 | 211261515 | 第二样本阅览室/ [索取号:TN6/85] | 在馆 | |
| 2 | 1126152 | 211261524 | 第三借阅区/ [索取号:TN6/85] | 在馆 | |
| 3 | 1126153 | 211261533 | 密集书库-文学院/ [索取号:TN6/85] | 在馆 |